000 00342nam a22001457a 4500
008 230707b ||||| |||| 00| 0 eng d
020 _a97808266496
041 _aeng
080 _2VOLUME 14
_a621
082 _a621SPR
100 _a19
101 _aIE
245 _aANNUAL REVIEW OF GERONTOLOGY AND GERIATRICS
_cSPRINGER
942 _2udc
_cBK
999 _c60115
_d60115